| 000 | 00682cam a2200217 i 4500 | ||
|---|---|---|---|
| 001 | 883951 | ||
| 005 | 20180214084245.0 | ||
| 008 | 800708s1980 nyua b 001 0 eng | ||
| 010 | _a 80066865 | ||
| 020 |
_a081445593X : _c$12.95 |
||
| 040 |
_aDLC _cDLC _dDLC |
||
| 041 | _aeng | ||
| 080 | _a658.401 ELL | ||
| 082 | 0 | 0 |
_a658.401 ELL _219 |
| 100 | 1 | _a54 | |
| 101 | _aMEN | ||
| 245 | 1 | 0 |
_aPlanning for nonplanners : _cDarryl J. Ellis, Peter P. Pekar, Jr. ; in cooperation with the North American Society for Corporate Planning. |
| 504 | _aBibliography; p. [147]-148. | ||
| 906 |
_a7 _bcbc _corignew _du _eopcn _f19 _gy-gencatlg |
||
| 942 |
_2ddc _cBK |
||
| 999 |
_c42529 _d42529 |
||